Erektilní dysfunkce a jejich léčba : průvodce ošetřujícího lékaře : [diferenciální diagnóza, farmakoterapie, kazuistiky] /

Hlavní autor: Pohanka, Michal, 1969-
Další autoři: Stárka, Luboslav, 1930-2022
Jazyk: Čeština
Vydáno: Praha : Maxdorf, c2011
Edice: Farmakoterapie pro praxi
Jessenius
Témata:
Fyzický popis: 140 s. : il. ; 20 cm
Knihy
Uloženo v:
LEADER 01807nam a2200481 a 4500
001 nkc20122282213
003 CZ PrNK
005 20120306103624.0
007 ta
008 120130s2011 xr a e f 001 0 cze
015 |a cnb002282213 
020 |a 978-80-7345-264-3  |q (váz.) 
035 |a (OCoLC)780139530 
040 |a OLA001  |b cze  |d ABA001 
072 7 |a 616  |x Patologie. Klinická medicína  |2 Konspekt  |9 14 
080 |a 616.69-008.14  |2 MRF 
080 |a 616-07  |2 MRF 
080 |a 616-08  |2 MRF 
080 |a (035)  |2 MRF 
100 1 |a Pohanka, Michal,  |d 1969-  |7 xx0102548  |4 aut 
245 1 0 |a Erektilní dysfunkce a jejich léčba :  |b průvodce ošetřujícího lékaře : [diferenciální diagnóza, farmakoterapie, kazuistiky] /  |c Michal Pohanka, Luboslav Stárka 
260 |a Praha :  |b Maxdorf,  |c c2011 
300 |a 140 s. :  |b il. ;  |c 20 cm 
490 1 |a Farmakoterapie pro praxi ;  |v sv. 48 
490 1 |a Jessenius 
504 |a Obsahuje bibliografii a rejstřík 
650 0 7 |a erektilní dysfunkce  |7 ph250770  |2 czenas 
650 0 7 |a diagnostika (lékařství)  |7 ph114312  |2 czenas 
650 0 7 |a terapie  |7 ph116435  |2 czenas 
650 0 9 |a erectile dysfunction  |2 eczenas 
650 0 9 |a medical diagnostics  |2 eczenas 
650 0 9 |a therapy  |2 eczenas 
655 7 |a příručky  |7 fd133209  |2 czenas 
655 9 |a handbooks and manuals  |2 eczenas 
700 1 |a Stárka, Luboslav,  |d 1930-2022  |7 jn19990209795  |4 aut 
830 0 |a Farmakoterapie pro praxi  |0 s 
830 0 |a Jessenius  |0 s 
910 2 |a BOA001  |b 1-1276.879 
990 |a BK 
995 |a 01 
991 |b 201202  |c NOV  |j 616.6 POH  |e n 
996 6 |b 2610501355  |c 1-1276.879  |l MZK  |r Sklad / do 1 hodiny  |n 0  |p p.v.  |w 001225846  |u 000010  |a 1  |e BOA001  |j MZK50  |s P 
996 7 |b 2610504494  |c 1-1276.879  |l Vol.výběr  |r VV 1p  |n 8  |p kup  |h 616.6 POH  |w 001225846  |u 000020  |a 0  |e BOA001  |j MZK50  |s A